| 000 | 00687nam a22002297a 4500 | ||
|---|---|---|---|
| 003 | UA-OsUOA | ||
| 001 | 99458 | ||
| 007 | ta | ||
| 008 | 20130429b un ||||| |||| 00| 0 ukr d | ||
| 100 | _aТолстой Л. | ||
| 090 |
_a821.161.1 _bТ53 |
||
| 942 | _cBK | ||
| 040 |
_aUA-OsUOA _brus _cUA-OsUOA _dUA-OsUOA |
||
| 245 |
_aХождение по мукам _bтрилогия _cСестры. Восемнадцатый год |
||
| 300 | _a621 с. | ||
| 955 | _a3 | ||
| 041 | _arus | ||
| 080 | _a821.161.1 | ||
| 260 |
_aМ. _bХудожественная литература _c1984 |
||
| 650 | 7 |
_a82 Література. Літературознавство _2UDC |
|
| 999 |
_c385673 _d385673 |
||